000 00550nam a22002057a 4500
005 20230412112723.0
008 230330b |||||||| |||| 00| 0 eng d
020 _a9781846046384
_qPaperback
040 _aCBULib
_cCBULib
041 _aeng
050 _aD 805.G3 Fra
100 _aFrankl, Viktor E.
245 _aMan's search for meaning
_c/ by Viktor E. Frankl
260 _aLondon :
_bRider,
_c2020
300 _axvii, 217 pages
600 _aFRANKL, VIKTOR E.
650 _aLOGOTHERAPY
650 _aPSYCHOLOGICAL ASPECTS
942 _c002
999 _c75547
_d75547